00602nam a2200181Ia 4500008004100000082001300041100001700054245003200071250000800103260003500111300000700146500002400153650001500177942000700192952010200199952010200301999001700403230524s9999 xx 000 0 und d a537bKOL aAlois Koller 0aWork Power Efficiency Pi-11 a1ST aNEW DELHIbWiley Easternc1993 a65 aQuantity Number: 2 aElectrical cBK 00104070aTATCLbTATCLcGENd2023-05-24l0o537 KOLp6706r2023-05-24w2023-05-24yBKzPEEC5409 00104070aTATCLbTATCLcGENd2023-05-24l0o537 KOLp6707r2023-05-24w2023-05-24yBKzPEEC5409 c26412d26412